[Event "RUS-chT2"]
[Site "Sochi"]
[Date "2025.04.30"]
[Round "5.1"]
[White "Rychkov, Oleg"]
[Black "Tatarinov, Dmitry"]
[Result "1-0"]
[WhiteElo "2379"]
[BlackElo "2344"]
[PlyCount "85"]
[EventDate "2025.04.26"]
[EventType "team-swiss"]
[EventRounds "9"]
[EventCountry "RUS"]
[SourceTitle "CB19_2025"]
[SourceDate "2025.05.07"]
[SourceVersion "1"]
[SourceVersionDate "2025.05.07"]
[SourceQuality "1"]
[WhiteTeam "Sutormina Center"]
[BlackTeam "Prikame Perm Region"]
[WhiteTeamCountry "RUS"]
[BlackTeamCountry "RUS"]

1. d4 d5 2. Nc3 Nf6 3. Bf4 e6 4. e3 Bd6 5. Bd3 Bxf4 6. exf4 c5 7. dxc5 Qc7 8. Nce2 Qxc5 9. c3 0-0 10. Nf3 b6 11. 0-0 Ba6 12. Bc2 Qc7 13. g3 Nbd7 14. Re1 Bxe2 15. Qxe2 b5 16. Qxb5 Rab8 17. Qe2 g6 18. Rab1 Rb6 19. Rec1 Rfb8 20. Bd3 Nc5 21. b3 a5 22. c4 d4 23. Rd1 Rd6 24. Rd2 Qb6 25. Bc2 Rbd8 26. Rbd1 Qb4 27. Rxd4 Rxd4 28. Rxd4 Rxd4 29. Nxd4 Qc3 30. Qd1 Qb2 31. a4 h5 32. h3 h4 33. g4 Nfd7 34. Nf3 Qc3 35. Kg2 e5 36. f5 e4 37. Bxe4 Nf6 38. Bc2 gxf5 39. Bxf5 Nxb3 40. Qd6 Kg7 41. Ne5 Qb4 42. Qc7 Qf8 43. Be6 1-0

[Event "RUS-ch Rapid"]
[Site "Sochi"]
[Date "2024.10.15"]
[Round "2"]
[White "Tatarinov, Dmitry"]
[Black "Tsaruk, Maksim"]
[Result "1-0"]
[WhiteElo "2332"]
[BlackElo "2450"]
[PlyCount "35"]
[EventDate "2024.10.15"]
[EventType "swiss (rapid)"]
[EventRounds "11"]
[EventCountry "RUS"]
[SourceTitle "CB43_2024"]
[Source "Chessbase"]
[SourceDate "2024.10.23"]
[SourceVersion "1"]
[SourceVersionDate "2024.10.23"]
[SourceQuality "1"]

1. Nf3 d5 2. e3 Nf6 3. c4 e6 4. b3 Be7 5. Bb2 0-0 6. Nc3 dxc4 7. bxc4 c5 8. g3 b6 9. Bg2 Bb7 10. 0-0 Nc6 11. Qe2 Rc8 12. d3 Qc7 13. Rad1 a6 14. Ne1 Ne8 15. f4 Nd6 16. g4 Nb4 17. a3 Bxg2 18. Nxg2 1-0

[Event "Titled Tuesday intern op 17th Sep Early"]
[Site "Chess,com INT"]
[Date "2024.09.17"]
[Round "2"]
[White "Antonio, Rogelio Jr"]
[Black "Tatarinov, Dmitry"]
[Result "1-0"]
[WhiteElo "2362"]
[BlackElo "2332"]
[PlyCount "77"]
[EventDate "2024.09.17"]
[EventType "swiss (blitz)"]
[EventRounds "11"]
[EventCountry "USA"]
[SourceTitle "EXT 2025"]
[Source "ChessBase"]
[SourceDate "2024.10.14"]
[SourceVersion "1"]
[SourceVersionDate "2024.10.14"]
[SourceQuality "1"]

1. e4 e5 2. Nf3 Nc6 3. Nc3 Nf6 4. Bb5 d6 5. d4 exd4 6. Bxc6+ bxc6 7. Nxd4 Bd7 8. 0-0 Be7 9. Re1 0-0 10. e5 dxe5 11. Rxe5 Re8 12. Bg5 h6 13. Bh4 Rb8 14. Qd3 Nd5 15. Bxe7 Rxe7 16. Rxe7 Qxe7 17. Nxc6 Bxc6 18. Nxd5 Qc5 19. Ne3 Rxb2 20. Qd8+ Qf8 21. Qxc7 Be4 22. Qxa7 Qb4 23. Rd1 Rb1 24. Qd7 Kh7 25. h3 Bg6 26. c4 Rb2 27. a4 Ra2 28. Qb5 Qc3 29. h4 h5 30. c5 Rb2 31. Qc6 Ra2 32. Qb5 Rb2 33. Qc4 Qf6 34. Qd4 Qxf2+ 35. Kh1 Re2 36. c6 Rxe3 37. c7 Re2 38. Qxf2 Rxf2 39. c8Q 1-0

[Event "Titled Tuesday intern op 30th Jul Early"]
[Site "Chess.com INT"]
[Date "2024.07.30"]
[Round "8"]
[White "Tatarinov, Dmitry"]
[Black "Manvelyan, Mikayel"]
[Result "1-0"]
[WhiteElo "2332"]
[BlackElo "2289"]
[PlyCount "115"]
[EventDate "2024.07.30"]
[EventType "swiss (blitz)"]
[EventRounds "11"]
[EventCountry "USA"]
[SourceTitle "EXT 2025"]
[Source "ChessBase"]
[SourceDate "2024.10.14"]
[SourceVersion "1"]
[SourceVersionDate "2024.10.14"]
[SourceQuality "1"]

1. d4 d5 2. c4 e6 3. Nf3 Nf6 4. g3 dxc4 5. Bg2 c5 6. 0-0 Nc6 7. Na3 cxd4 8. Nxc4 Bc5 9. a3 a5 10. Qb3 0-0 11. Rd1 Qe7 12. Bg5 h6 13. Bxf6 Qxf6 14. Ne1 e5 15. Nd3 Bd6 16. Rac1 Rb8 17. Nb6 Bg4 18. Re1 Rfe8 19. Nc5 Bxc5 20. Rxc5 Qd6 21. Qb5 e4 22. Nc4 Qf6 23. h3 Bd7 24. Nb6 Rbd8 25. Rd5 Be6 26. Rxd8 Rxd8 27. Bxe4 Bxh3 28. Rc1 Re8 29. Bd3 Rd8 30. Nd5 Qe5 31. Rc5 Qd6 32. b4 axb4 33. axb4 Be6 34. Nf4 Bc8 35. Qb6 Re8 36. b5 Qd8 37. Qxd8 Rxd8 38. bxc6 bxc6 39. Rxc6 Bb7 40. Rc7 Ba8 41. Bc4 Rf8 42. Ng6 Rb8 43. Bxf7+ Kh7 44. f3 d3 45. exd3 Bxf3 46. Ne5 Ba8 47. Bg6+ Kg8 48. d4 Bd5 49. Rd7 Be6 50. Rd6 Ba2 51. d5 Kf8 52. Rd7 Rb5 53. Rf7+ Kg8 54. Re7 Rb8 55. d6 Rd8 56. d7 Kf8 57. Re8+ Rxe8 58. dxe8Q# 1-0

[Event "Titled Tuesday intern op 23rd Jul Early"]
[Site "Chess.com INT"]
[Date "2024.07.23"]
[Round "3"]
[White "Kostiukov, Alexandr"]
[Black "Tatarinov, Dmitry"]
[Result "0-1"]
[WhiteElo "2271"]
[BlackElo "2332"]
[PlyCount "114"]
[EventDate "2024.07.23"]
[EventType "swiss (blitz)"]
[EventRounds "11"]
[EventCountry "USA"]
[SourceTitle "EXT 2025"]
[Source "ChessBase"]
[SourceDate "2024.10.14"]
[SourceVersion "1"]
[SourceVersionDate "2024.10.14"]
[SourceQuality "1"]

1. g3 d5 2. Bg2 Nf6 3. d3 c6 4. e4 dxe4 5. dxe4 Qxd1+ 6. Kxd1 e5 7. f3 Bc5 8. Nd2 b5 9. Nb3 Bb6 10. a4 Be6 11. a5 Bxg1 12. Rxg1 Nbd7 13. Be3 0-0 14. a6 Bxb3 15. cxb3 c5 16. Ke2 Rfc8 17. Rgd1 Kf8 18. f4 Ke7 19. fxe5 Nxe5 20. Bf4 Nfd7 21. Rd5 f6 22. Bh3 Rc7 23. Rad1 g5 24. Bxe5 Nxe5 25. Bf5 h5 26. Rd6 Kf7 27. R1d5 Rb8 28. Be6+ Ke7 29. Bf5 Rb6 30. Rd8 c4 31. Rh8 Rd6 32. Rh7+ Nf7 33. Rxb5 cxb3 34. Rb7 Rdc6 35. Rxc7+ Rxc7 36. Bg6 Ke6 37. Bxf7+ Rxf7 38. Rxf7 Kxf7 39. Kd3 Ke6 40. Kc3 Ke5 41. Kxb3 Kxe4 42. Kc3 f5 43. b4 Kd5 44. Kd3 Kc6 45. Kd4 Kb5 46. Ke5 Kxa6 47. Kxf5 g4 48. Kg5 Kb5 49. Kxh5 Kxb4 50. Kxg4 a5 51. Kf5 a4 52. g4 a3 53. g5 a2 54. g6 a1Q 55. h4 Kc5 56. h5 Kd6 57. h6 Ke7 0-1

[Event "Titled Tuesday intern op 23rd Jul Early"]
[Site "Chess.com INT"]
[Date "2024.07.23"]
[Round "4"]
[White "Tatarinov, Dmitry"]
[Black "Fichter, Fabian"]
[Result "1-0"]
[WhiteElo "2332"]
[BlackElo "2305"]
[PlyCount "139"]
[EventDate "2024.07.23"]
[EventType "swiss (blitz)"]
[EventRounds "11"]
[EventCountry "USA"]
[SourceTitle "EXT 2025"]
[Source "ChessBase"]
[SourceDate "2024.10.14"]
[SourceVersion "1"]
[SourceVersionDate "2024.10.14"]
[SourceQuality "1"]

1. e4 d5 2. exd5 Qxd5 3. Nc3 Qd6 4. d4 Nf6 5. Nf3 a6 6. Ne5 Nc6 7. Nxc6 Qxc6 8. Bf4 Bf5 9. Qd2 e6 10. a3 0-0-0 11. 0-0-0 Bd6 12. Bxd6 Rxd6 13. f3 Rhd8 14. Be2 Bg6 15. Kb1 e5 16. d5 Nxd5 17. Nxd5 Rxd5 18. Qc1 f6 19. Rxd5 Rxd5 20. Rd1 Qd6 21. Rxd5 Qxd5 22. Qe1 Qd4 23. Bd1 c5 24. g3 c4 25. Kc1 Kb8 26. h4 Bf5 27. Qe2 b5 28. g4 Qf4+ 29. Kb1 Be6 30. Qf2 Kb7 31. Qc5 Qd4 32. Qe7+ Qd7 33. Qxd7+ Bxd7 34. Kc1 Kc6 35. Kd2 Kd5 36. Ke3 h6 37. c3 a5 38. Bc2 Kc5 39. Bg6 Bc6 40. Be4 Bxe4 41. Kxe4 b4 42. axb4+ axb4 43. Kf5 bxc3 44. bxc3 Kd5 45. Kg6 e4 46. fxe4+ Kxe4 47. Kxg7 Kf4 48. h5 Kxg4 49. Kxh6 f5 50. Kg6 f4 51. h6 f3 52. h7 f2 53. h8Q f1Q 54. Qh5+ Kg3 55. Qg5+ Kf2 56. Qf4+ Ke1 57. Qc1+ Kf2 58. Qxf1+ Kxf1 59. Kf5 Ke2 60. Ke4 Kf2 61. Kd4 Kf3 62. Kxc4 Ke4 63. Kb5 Kd5 64. c4+ Kd6 65. Kb6 Kd7 66. c5 Kc8 67. Kc6 Kb8 68. Kd7 Kb7 69. c6+ Kb6 70. c7 1-0

[Event "Titled Tuesday intern op 09th Jul Early"]
[Site "Chess.com INT"]
[Date "2024.07.09"]
[Round "3"]
[White "Tatarinov, Dmitry"]
[Black "Carlsen, Magnus"]
[Result "0-1"]
[WhiteElo "2332"]
[BlackElo "2832"]
[PlyCount "106"]
[EventDate "2024.07.09"]
[EventType "swiss (blitz)"]
[EventRounds "11"]
[EventCountry "USA"]
[SourceTitle "EXT 2025"]
[Source "ChessBase"]
[SourceDate "2024.10.14"]
[SourceVersion "1"]
[SourceVersionDate "2024.10.14"]
[SourceQuality "1"]

1. d4 d6 2. e4 g6 3. Nc3 c6 4. Be3 Nf6 5. f3 b5 6. h4 h5 7. Qd2 Bg7 8. Nce2 Nbd7 9. Nh3 Nb6 10. Nef4 e5 11. dxe5 dxe5 12. Qxd8+ Kxd8 13. Nd3 Bxh3 14. Rxh3 Nfd7 15. 0-0-0 Kc7 16. Nc5 Nxc5 17. Bxc5 Bh6+ 18. Kb1 Rhd8 19. Bd3 Nd7 20. Bf2 Nf8 21. Rhh1 Ne6 22. g3 Bf8 23. Be3 Bc5 24. Bc1 Bf2 25. Rh3 Nc5 26. Rf1 Nxd3 27. cxd3 Bc5 28. Kc2 Rd7 29. f4 Bd4 30. f5 c5 31. fxg6 fxg6 32. Rf6 Rd6 33. Rf3 Kb6 34. Rh1 Rc8 35. Rhf1 c4 36. dxc4 Rxc4+ 37. Kb1 Bc5 38. Rf6 Rxe4 39. Rxd6+ Bxd6 40. Rf6 Kc5 41. Rxg6 Re2 42. g4 hxg4 43. h5 Rh2 44. h6 Rh4 45. Bg5 Rh1+ 46. Kc2 Kd5 47. Be3 Rh3 48. Bxa7 g3 49. Be3 Ke4 50. Bd2 Bc5 51. Rg4+ Kf3 52. Rg7 g2 53. Rf7+ Ke4 0-1

[Event "Titled Tuesday intern op 09th Jul Early"]
[Site "Chess.com INT"]
[Date "2024.07.09"]
[Round "8"]
[White "Tatarinov, Dmitry"]
[Black "Kamsky, Gata"]
[Result "0-1"]
[WhiteElo "2332"]
[BlackElo "2615"]
[PlyCount "112"]
[EventDate "2024.07.09"]
[EventType "swiss (blitz)"]
[EventRounds "11"]
[EventCountry "USA"]
[SourceTitle "EXT 2025"]
[Source "ChessBase"]
[SourceDate "2024.10.14"]
[SourceVersion "1"]
[SourceVersionDate "2024.10.14"]
[SourceQuality "1"]

1. d4 d5 2. Nf3 Nf6 3. c4 c6 4. Nc3 e6 5. e3 Nbd7 6. Qc2 Bd6 7. Bd3 b6 8. 0-0 Bb7 9. cxd5 cxd5 10. Bd2 a6 11. Rfc1 0-0 12. Be1 b5 13. Qe2 Qb8 14. a4 b4 15. Nb1 a5 16. Nbd2 Ne4 17. Nb3 Qd8 18. h3 Qb6 19. Nfd2 Nef6 20. Bb5 Rfc8 21. f3 h6 22. Bf2 Qd8 23. Rxc8 Rxc8 24. Rc1 Rxc1+ 25. Nxc1 e5 26. Ncb3 e4 27. f4 Qc7 28. Qd1 g5 29. fxg5 hxg5 30. Qc1 Qxc1+ 31. Nxc1 Bc7 32. Ndb3 Kf8 33. Ne2 Kg7 34. g4 Bc8 35. Bg3 Bb6 36. Bd6 Nf8 37. Ng3 Ng6 38. Nc5 Nh4 39. Kf2 Kg6 40. Bc6 Be6 41. Be5 Nf3 42. Bd6 Nd2 43. Bb5 Nc4 44. Bxc4 dxc4 45. Ngxe4 Nxe4+ 46. Nxe4 Bd7 47. Bc5 Bd8 48. Ke2 Bxa4 49. Nd6 c3 50. bxc3 bxc3 51. Kd3 c2 52. Kd2 Bb3 53. Ba3 a4 54. Kc1 Ba5 55. Ne4 f5 56. gxf5+ Kxf5 0-1

[Event "Titled Tuesday intern op 28th May Late"]
[Site "Chess.com INT"]
[Date "2024.05.28"]
[Round "5"]
[White "Dudin, Gleb"]
[Black "Tatarinov, Dmitry"]
[Result "0-1"]
[WhiteElo "2554"]
[BlackElo "2332"]
[PlyCount "84"]
[EventDate "2024.05.28"]
[EventType "swiss (blitz)"]
[EventRounds "11"]
[EventCountry "USA"]
[SourceTitle "EXT 2025"]
[Source "ChessBase"]
[SourceDate "2024.10.14"]
[SourceVersion "1"]
[SourceVersionDate "2024.10.14"]
[SourceQuality "1"]

1. Nc3 d5 2. g3 Nf6 3. Bg2 e6 4. Nf3 Be7 5. 0-0 0-0 6. d3 c5 7. e4 Nc6 8. a4 b6 9. Bf4 Bb7 10. h4 h6 11. exd5 Nxd5 12. Nxd5 exd5 13. Re1 Bf6 14. c3 Re8 15. Qd2 Qd7 16. Kh2 Na5 17. Qc2 d4 18. cxd4 Bxd4 19. Rad1 Bc6 20. b3 Bd5 21. Nxd4 Bxg2 22. Kxg2 Qxd4 23. Kg1 Qd5 24. Rxe8+ Rxe8 25. Rb1 Nc6 26. Qc4 Qf3 27. Qb5 Re2 28. Rf1 Nd4 29. Qd7 Qxd3 30. Qxa7 Qxb3 31. a5 bxa5 32. Qxc5 Qb4 33. Qd5 a4 34. Bd6 Qd2 35. Qa8+ Kh7 36. Qxa4 Nf3+ 37. Kg2 Ne1+ 38. Rxe1 Rxf2+ 39. Kh3 Rh2+ 40. Kg4 Qxe1 41. Bf4 Qe6+ 42. Kf3 Qe2# 0-1

[Event "Titled Tuesday intern op 28th May Late"]
[Site "Chess.com INT"]
[Date "2024.05.28"]
[Round "4"]
[White "Tatarinov, Dmitry"]
[Black "Demaria, Juan Pablo"]
[Result "1-0"]
[WhiteElo "2332"]
[BlackElo "2215"]
[PlyCount "215"]
[EventDate "2024.05.28"]
[EventType "swiss (blitz)"]
[EventRounds "11"]
[EventCountry "USA"]
[SourceTitle "EXT 2025"]
[Source "ChessBase"]
[SourceDate "2024.10.14"]
[SourceVersion "1"]
[SourceVersionDate "2024.10.14"]
[SourceQuality "1"]

1. d4 g6 2. e4 Bg7 3. Nf3 d6 4. c3 Nf6 5. Bd3 0-0 6. 0-0 c5 7. Re1 Nc6 8. d5 Nb8 9. c4 Nbd7 10. Nc3 a6 11. a4 Re8 12. h3 e6 13. Bf4 exd5 14. cxd5 Qc7 15. Nd2 Nh5 16. Bh2 Ne5 17. Be2 Nf6 18. f4 Ned7 19. Bf3 Rb8 20. a5 b5 21. axb6 Rxb6 22. Kh1 Rxb2 23. e5 dxe5 24. fxe5 Nxe5 25. Nc4 Nfd7 26. Nxb2 Qb6 27. Nba4 Qb4 28. Rb1 Qc4 29. Be2 Qh4 30. Bf1 h5 31. d6 Re6 32. Nd5 Rxd6 33. Nab6 Bb7 34. Qb3 Nxb6 35. Nxb6 Re6 36. Qg3 Qd4 37. Rec1 Be4 38. Rd1 Bxb1 39. Rxd4 cxd4 40. Nc4 d3 41. Nd2 Bc2 42. Qf2 Nd7 43. Bf4 Nf6 44. Kh2 Bf8 45. Qd4 Bg7 46. Qd8+ Re8 47. Qd6 Re6 48. Qb8+ Re8 49. Qb7 Re6 50. Nf3 Ne4 51. Qc8+ Kh7 52. Qd7 f6 53. Bxd3 Bxd3 54. Qxd3 f5 55. Qd7 Rb6 56. Ng5+ Nxg5 57. Bxg5 a5 58. Be3 Rb4 59. Bd2 Rd4 60. Qa4 Rxd2 61. Qxa5 Rd3 62. Qa7 Rd4 63. Kg1 Re4 64. Kf1 Kh6 65. g3 h4 66. gxh4 Rxh4 67. Kg2 Rf4 68. Qe3 g5 69. Qe6+ Kh5 70. Qf7+ Kh6 71. Qe7 Re4 72. Qd7 Kg6 73. Qc6+ Bf6 74. Qc8 Rf4 75. Qg8+ Bg7 76. Qe8+ Kh6 77. Qf7 Rh4 78. Qxf5 Rf4 79. Qe6+ Rf6 80. Qc8 Rg6 81. Kg3 Rf6 82. Qg8 Rf4 83. Qe6+ Rf6 84. Qe3 Rf4 85. h4 Rxh4 86. Qe6+ Kh5 87. Qf7+ Kh6 88. Qe6+ Kh5 89. Qe2+ Kh6 90. Qa6+ Kh5 91. Kg2 Rf4 92. Kh3 Rf6 93. Qb7 Kg6 94. Kg4 Rf4+ 95. Kg3 Bf6 96. Qb1+ Kh6 97. Qh1+ Kg6 98. Qb1+ Kg7 99. Qb7+ Kg6 100. Qc8 Kg7 101. Qd7+ Kg6 102. Qe8+ Kg7 103. Kh3 Kh6 104. Kg2 Kg7 105. Qe6 Kg6 106. Qg8+ Kh6 107. Kg3 Kh5 108. Qh7# 1-0

[Event "Titled Tuesday intern op 28th May Late"]
[Site "Chess.com INT"]
[Date "2024.05.28"]
[Round "1"]
[White "Tatarinov, Dmitry"]
[Black "Hoffmann, Asa"]
[Result "1-0"]
[WhiteElo "2332"]
[BlackElo "2185"]
[PlyCount "71"]
[EventDate "2024.05.28"]
[EventType "swiss (blitz)"]
[EventRounds "11"]
[EventCountry "USA"]
[SourceTitle "EXT 2025"]
[Source "ChessBase"]
[SourceDate "2024.10.14"]
[SourceVersion "1"]
[SourceVersionDate "2024.10.14"]
[SourceQuality "1"]

1. Nf3 d6 2. g3 c6 3. Bg2 e5 4. 0-0 Nf6 5. c4 Be7 6. Nc3 Be6 7. d3 h6 8. Rb1 Qd7 9. b4 Bh3 10. b5 Bxg2 11. Kxg2 0-0 12. a4 Re8 13. e4 Bf8 14. Be3 d5 15. exd5 cxd5 16. cxd5 Nxd5 17. Nxd5 Qxd5 18. Qb3 Qxb3 19. Rxb3 Nd7 20. Nd2 Bc5 21. Rc1 b6 22. Ne4 Bxe3 23. fxe3 Rad8 24. Rc7 Nf8 25. Rxa7 f5 26. Nd2 Ne6 27. Rc3 Nc5 28. Nc4 Re6 29. Nxb6 Nxd3 30. Rc8 Rxc8 31. Nxc8 f4 32. exf4 exf4 33. gxf4 Nxf4+ 34. Kf3 g5 35. b6 Rc6 36. Ne7+ 1-0

[Event "Titled Tuesday intern op 28th May Late"]
[Site "Chess.com INT"]
[Date "2024.05.28"]
[Round "6"]
[White "Zakhartsov, Vladimir"]
[Black "Tatarinov, Dmitry"]
[Result "1-0"]
[WhiteElo "2510"]
[BlackElo "2332"]
[PlyCount "41"]
[EventDate "2024.05.28"]
[EventType "swiss (blitz)"]
[EventRounds "11"]
[EventCountry "USA"]
[SourceTitle "EXT 2025"]
[Source "ChessBase"]
[SourceDate "2024.10.14"]
[SourceVersion "1"]
[SourceVersionDate "2024.10.14"]
[SourceQuality "1"]

1. e4 c5 2. Nf3 e6 3. g3 Nc6 4. Bg2 Nf6 5. Qe2 d5 6. exd5 Nxd5 7. 0-0 Be7 8. Rd1 Nd4 9. Nxd4 cxd4 10. c4 Nb4 11. d3 a5 12. Na3 0-0 13. Bf4 f6 14. Nb5 e5 15. Bd2 Kh8 16. f4 Bf5 17. Bxb4 Bxb4 18. fxe5 fxe5 19. Bxb7 Rb8 20. Be4 Bh3 21. Qh5 1-0

[Event "Titled Tuesday intern op 21st May Late"]
[Site "Chess.com INT"]
[Date "2024.05.21"]
[Round "1"]
[White "Tatarinov, Dmitry"]
[Black "Reprintsev, Alexander"]
[Result "1-0"]
[WhiteElo "2332"]
[BlackElo "2227"]
[PlyCount "57"]
[EventDate "2024.05.21"]
[EventType "swiss (blitz)"]
[EventRounds "11"]
[EventCountry "USA"]
[SourceTitle "CBM 220 Extra"]
[Source "ChessBase"]
[SourceDate "2024.07.31"]
[SourceVersion "1"]
[SourceVersionDate "2024.07.31"]
[SourceQuality "1"]

1. d4 d5 2. Nf3 Nc6 3. Nbd2 Bf5 4. a3 e6 5. b4 Bd6 6. Bb2 Qe7 7. c4 dxc4 8. e4 Bg4 9. e5 Bxb4 10. axb4 Qxb4 11. Ba3 Bxf3 12. Qxf3 Qb6 13. Bc5 Qb2 14. Rb1 Qc2 15. Bxc4 Nge7 16. Bd3 Qa2 17. Qe2 b6 18. Bxe7 Nxe7 19. 0-0 0-0 20. Qe4 g6 21. Nf3 h6 22. Qf4 Kh7 23. h4 Rad8 24. h5 c5 25. Ra1 Qb3 26. Rxa7 Nf5 27. hxg6+ Kxg6 28. Bxf5+ exf5 29. Nh4+ 1-0

[Event "Titled Tuesday intern op 14th May Early"]
[Site "Chess.com INT"]
[Date "2024.05.14"]
[Round "1"]
[White "Tatarinov, Dmitry"]
[Black "Saragih, Arif Rahman"]
[Result "1-0"]
[WhiteElo "2338"]
[BlackElo "2185"]
[PlyCount "39"]
[EventDate "2024.05.14"]
[EventType "swiss (blitz)"]
[EventRounds "11"]
[EventCountry "USA"]
[SourceTitle "EXT 2025"]
[Source "ChessBase"]
[SourceDate "2024.10.14"]
[SourceVersion "1"]
[SourceVersionDate "2024.10.14"]
[SourceQuality "1"]

1. e4 d6 2. d4 g6 3. Nc3 Bg7 4. Be3 Nf6 5. f3 0-0 6. h4 Nbd7 7. g4 h6 8. Qd2 Kh7 9. 0-0-0 Rh8 10. Nge2 c5 11. dxc5 Nxc5 12. Ng3 Ne6 13. Kb1 Bd7 14. Bc4 Rc8 15. Bb3 a5 16. g5 Ng8 17. h5 a4 18. Nxa4 Bxa4 19. Bxa4 Qa5 20. Qxa5 1-0

[Event "Titled Tuesday intern op 14th May Late"]
[Site "Chess.com INT"]
[Date "2024.05.14"]
[Round "2"]
[White "Zhu, Linxi"]
[Black "Tatarinov, Dmitry"]
[Result "1-0"]
[WhiteElo "2053"]
[BlackElo "2338"]
[PlyCount "127"]
[EventDate "2024.05.14"]
[EventType "swiss (blitz)"]
[EventRounds "11"]
[EventCountry "USA"]
[SourceTitle "CBM 220 Extra"]
[Source "ChessBase"]
[SourceDate "2024.07.31"]
[SourceVersion "1"]
[SourceVersionDate "2024.07.31"]
[SourceQuality "1"]

1. e4 c5 2. Nf3 Nc6 3. d4 cxd4 4. Nxd4 g6 5. Nc3 Bg7 6. Be3 Nf6 7. Nxc6 bxc6 8. e5 Nd5 9. Nxd5 cxd5 10. Qxd5 Rb8 11. 0-0-0 0-0 12. f4 d6 13. Bc4 Be6 14. Qd3 Bxc4 15. Qxc4 Qa5 16. Rd5 Qd8 17. Rhd1 Rb7 18. c3 Qb8 19. R1d2 Rc8 20. Qe4 dxe5 21. fxe5 e6 22. Rd7 Rxd7 23. Rxd7 Qb5 24. Qb7 Qf1+ 25. Rd1 Qc4 26. Rd4 Qf1+ 27. Kc2 Rf8 28. Rf4 Qe2+ 29. Bd2 Bxe5 30. Rf3 Qxg2 31. Rxf7 Qxb7 32. Rxb7 Rf2 33. Kd3 Bxh2 34. Rxa7 h5 35. a4 h4 36. a5 h3 37. a6 Bg1 38. Ra8+ Kg7 39. a7 Rf3+ 40. Ke2 h2 41. Rg8+ Kxg8 42. a8Q+ Rf8 43. Qe4 Kf7 44. Be3 Rh8 45. Qh1 Bxe3 46. Kxe3 g5 47. Kf3 Rh4 48. b4 Ke7 49. Kg3 Kd6 50. b5 Kc7 51. Qc6+ Kd8 52. Qh1 Kc7 53. Kf3 Kb6 54. c4 e5 55. Ke3 e4 56. Kd4 g4 57. c5+ Kxb5 58. Qb1+ Kc6 59. Qxe4+ Kc7 60. Qe7+ Kc6 61. Qxh4 g3 62. Qh6+ Kb5 63. Kd5 g2 64. Qxh2 1-0

[Event "Titled Tuesday intern op 07th May Early"]
[Site "Chess.com INT"]
[Date "2024.05.07"]
[Round "1"]
[White "Alonso, Raphael VP Patricio"]
[Black "Tatarinov, Dmitry"]
[Result "1/2-1/2"]
[WhiteElo "2170"]
[BlackElo "2338"]
[PlyCount "148"]
[EventDate "2024.05.07"]
[EventType "swiss (blitz)"]
[EventRounds "11"]
[EventCountry "USA"]
[SourceTitle "EXT 2025"]
[Source "ChessBase"]
[SourceDate "2024.10.14"]
[SourceVersion "1"]
[SourceVersionDate "2024.10.14"]
[SourceQuality "1"]

1. Nf3 d5 2. b3 e6 3. Bb2 Nf6 4. e3 Be7 5. Be2 0-0 6. 0-0 c5 7. c4 Nc6 8. d4 cxd4 9. Nxd4 Bd7 10. Nc3 dxc4 11. Bxc4 Rc8 12. Rc1 Qa5 13. Nxc6 Bxc6 14. Qe2 Rfd8 15. Rfd1 Qg5 16. f3 Bc5 17. Re1 a6 18. Kh1 Nh5 19. Rcd1 Qh4 20. Kg1 Nf4 21. Qf2 Qg5 22. Qg3 Qxg3 23. hxg3 Ng6 24. Kf2 b5 25. Be2 Ne7 26. Rxd8+ Rxd8 27. Rd1 Rc8 28. g4 b4 29. Nb1 Nd5 30. Bd4 Bb7 31. Bc4 a5 32. Bxc5 Rxc5 33. Bxd5 exd5 34. Rd2 Kf8 35. Rb2 Ke7 36. Nd2 Ke6 37. Nf1 Ba6 38. Ng3 g6 39. Rd2 Rc1 40. Ne2 Kd6 41. Nd4 Ra1 42. g5 Bc8 43. Ne2 Ke6 44. Nf4+ Ke7 45. Nxd5+ Ke6 46. Nb6 Bb7 47. Nc4 a4 48. bxa4 Bd5 49. Nb6 Rxa2 50. Rxa2 Bxa2 51. a5 b3 52. Na4 Kd6 53. Ke2 Kc6 54. Kd2 Kb5 55. Nb2 Kxa5 56. Kc3 Kb5 57. Nd3 Bb1 58. Ne5 Ka4 59. Kb2 Kb4 60. Nxf7 Bf5 61. Nd6 Be6 62. Ne8 Kc4 63. Nf6 Kd3 64. Nxh7 Kxe3 65. Nf8 Bf7 66. Nxg6 Bxg6 67. Kxb3 Kf4 68. Kc3 Kxg5 69. Kd4 Kf4 70. Kc3 Bf5 71. Kd2 Kg3 72. Ke1 Kxg2 73. f4 Kg3 74. Kd2 Kxf4 1/2-1/2

[Event "Titled Tuesday intern op 07th May Late"]
[Site "Chess.com INT"]
[Date "2024.05.07"]
[Round "4"]
[White "Berdayes Ason, Dylan Isidro"]
[Black "Tatarinov, Dmitry"]
[Result "0-1"]
[WhiteElo "2499"]
[BlackElo "2338"]
[PlyCount "170"]
[EventDate "2024.05.07"]
[EventType "swiss (blitz)"]
[EventRounds "11"]
[EventCountry "USA"]
[SourceTitle "EXT 2025"]
[Source "ChessBase"]
[SourceDate "2024.10.14"]
[SourceVersion "1"]
[SourceVersionDate "2024.10.14"]
[SourceQuality "1"]

1. e4 c5 2. Nf3 e6 3. d4 cxd4 4. Qxd4 d6 5. c4 Nf6 6. Nc3 a6 7. Be2 Qc7 8. 0-0 Be7 9. Bg5 Nbd7 10. Rac1 b6 11. Rfd1 Bb7 12. Bh4 Ne5 13. Bg3 Nfd7 14. Ne1 g5 15. b3 h5 16. h3 h4 17. Bh2 Rg8 18. f3 Qc5 19. Kh1 Qxd4 20. Rxd4 0-0-0 21. Rdd1 Kb8 22. Nc2 Rc8 23. Ne3 Rgd8 24. Bg1 Nc5 25. Bf2 Bf6 26. Kg1 Ng6 27. Ng4 Be7 28. Bf1 Nf4 29. Be3 Ng6 30. b4 Nd7 31. Na4 Rc6 32. a3 Rdc8 33. Kf2 Nf4 34. Nh6 Rf8 35. Bd4 Bf6 36. Bxf6 Nxf6 37. b5 axb5 38. cxb5 Rxc1 39. Rxc1 Nd7 40. Nb2 Nc5 41. Ke3 f5 42. exf5 exf5 43. Re1 Rf6 44. Ng8 Rg6 45. Ne7 Re6+ 46. Kf2 Rf6 47. Re3 Kc7 48. Bc4 Kd8 49. Nc6+ Bxc6 50. bxc6 Kc7 51. Bb5 Re6 52. Rxe6 Nfxe6 53. a4 Nd4 54. Nc4 Nxc6 55. Ne3 Nd4 56. Nd5+ Kb7 57. Be8 f4 58. Nf6 Nd3+ 59. Kf1 Kc7 60. Nh7 Nc2 61. Bg6 Ne3+ 62. Kg1 Ne5 63. Nxg5 Nxg6 64. Kf2 Kc6 65. Ke2 d5 66. Kd3 Kd6 67. Kd4 Nf5+ 68. Kd3 Ne5+ 69. Ke2 d4 70. Ne4+ Kd5 71. Nf6+ Kc4 72. Nh5 d3+ 73. Kd2 Ng6 74. Nf6 Nd4 75. Ne4 Nb3+ 76. Kd1 Ne5 77. Nd6+ Kd4 78. Nf5+ Kc3 79. Nd6 Nc4 80. Ne4+ Kd4 81. Ke1 d2+ 82. Ke2 Ne3 83. Nxd2 Nxd2 84. Kxd2 Nxg2 85. Kc2 Ne1+ 0-1

[Event "Titled Tuesday intern op 07th May Late"]
[Site "Chess.com INT"]
[Date "2024.05.07"]
[Round "11"]
[White "Lewicki, Miroslaw"]
[Black "Tatarinov, Dmitry"]
[Result "0-1"]
[WhiteElo "2339"]
[BlackElo "2338"]
[PlyCount "84"]
[EventDate "2024.05.07"]
[EventType "swiss (blitz)"]
[EventRounds "11"]
[EventCountry "USA"]
[SourceTitle "EXT 2025"]
[Source "ChessBase"]
[SourceDate "2024.10.14"]
[SourceVersion "1"]
[SourceVersionDate "2024.10.14"]
[SourceQuality "1"]

1. e4 e5 2. Nf3 Nc6 3. Bb5 a6 4. Ba4 Nf6 5. d3 b5 6. Bb3 Bc5 7. c3 d6 8. h3 0-0 9. 0-0 Bb6 10. Bg5 h6 11. Bh4 Be6 12. Nbd2 Nb8 13. d4 Bxb3 14. axb3 Nbd7 15. b4 Re8 16. dxe5 dxe5 17. Qe2 c5 18. bxc5 Nxc5 19. Rfd1 Qd3 20. Kf1 Qxe2+ 21. Kxe2 Nfxe4 22. b4 Nxc3+ 23. Kf1 Nd3 24. Ra3 Nxd1 25. Rxd3 f6 26. Rb3 Rec8 27. Ne4 Rc2 28. Ke1 Rd8 29. Nfd2 Nxf2 30. Bxf2 Bxf2+ 31. Kxf2 Rdxd2+ 32. Nxd2 Rxd2+ 33. Kf3 Rd4 34. Rc3 Rxb4 35. Rc8+ Kh7 36. Ra8 Rf4+ 37. Kg3 Ra4 38. h4 h5 39. Ra7 Kg6 40. Kh3 b4 41. g3 a5 42. Rb7 Ra3 0-1